|
|
|
|
| LEADER |
02291nam a2200517 a 4500 |
| 001 |
nkc20071728614 |
| 003 |
CZ PrNK |
| 005 |
20080311065123.0 |
| 007 |
ta |
| 008 |
071212s2007 xr a f m 000 0 cze |
| 015 |
|
|
|a cnb001728614
|
| 020 |
|
|
|a 978-80-214-3455-4
|q (brož.)
|
| 035 |
|
|
|a (OCoLC)228497567
|
| 040 |
|
|
|a ABA001
|b cze
|
| 041 |
0 |
|
|a cze
|b eng
|
| 072 |
|
7 |
|a 519.1/.8
|x Kombinatorika. Teorie grafů. Matematická statistika. Operační výzkum. Matematické modelování
|2 Konspekt
|9 13
|
| 080 |
|
|
|a 004.92
|2 MRF
|
| 080 |
|
|
|a 514.181.2
|2 MRF
|
| 080 |
|
|
|a 519.673
|2 MRF
|
| 080 |
|
|
|a (043.3)
|2 MRF
|
| 100 |
1 |
|
|a Procházková, Jana,
|d 1981-
|7 xx0067436
|4 dis
|
| 245 |
1 |
0 |
|a Modelování matematických ploch v CAD systémech =
|b Modeling of mathematical surfaces in CAD systems : zkrácená verze Ph.D. Thesis /
|c Jana Procházková
|
| 246 |
3 |
1 |
|a Modeling of mathematical surfaces in CAD systems
|
| 260 |
|
|
|a [Brno :
|b Vysoké učení technické v Brně],
|c c2007
|
| 300 |
|
|
|a 28 s. :
|b il. ;
|c 21 cm
|
| 490 |
1 |
|
|a Vědecké spisy Vysokého učení technického v Brně. PhD Thesis,
|x 1213-4198 ;
|v sv. 418
|
| 500 |
|
|
|a Obor: Matematické inženýrství
|
| 500 |
|
|
|a Zkrácená verze disertace (Ph.D.)--Vysoké učení technické v Brně, Fakulta strojního inženýrství, Ústav matematiky, 2007
|
| 504 |
|
|
|a Obsahuje bibliografii
|
| 546 |
|
|
|a Anglické resumé
|
| 650 |
0 |
7 |
|a počítačová grafika
|7 ph124503
|2 czenas
|
| 650 |
0 |
7 |
|a plochy (geometrie)
|7 ph124120
|2 czenas
|
| 650 |
0 |
7 |
|a matematické modelování
|7 ph115240
|2 czenas
|
| 650 |
0 |
9 |
|a computer graphics
|2 eczenas
|
| 650 |
0 |
9 |
|a surfaces (geometry)
|2 eczenas
|
| 650 |
0 |
9 |
|a mathematical modeling
|2 eczenas
|
| 655 |
|
7 |
|a disertace
|7 fd132024
|2 czenas
|
| 655 |
|
9 |
|a dissertations
|2 eczenas
|
| 710 |
2 |
|
|a Vysoké učení technické v Brně.
|b Fakulta strojního inženýrství.
|b Ústav matematiky
|7 mzk2003205646
|
| 810 |
2 |
|
|a Vysoké učení technické v Brně.
|t Vědecké spisy.
|p PhD Thesis
|0 s
|
| 910 |
2 |
|
|a BOA001
|b 2-1199.289
|
| 990 |
|
|
|a BK
|
| 995 |
|
|
|a 01
|
| 991 |
|
|
|b 200803
|c NOV
|
| 996 |
6 |
|
|b 2610335813
|c 2-1199.289
|l MZK
|r Sklad / do 1 hodiny
|n 1
|p p.v.
|w 000888727
|u 000010
|a 1
|e BOA001
|j MZK50
|s P
|
| 996 |
7 |
|
|b 2610335814
|c 2-1199.289
|l MZK
|r Sklad / do 1 hodiny
|n 2
|p p.v.
|w 000888727
|u 000020
|a 1
|e BOA001
|j MZK50
|s A
|